Hard Greek Mythology Quiz - Statistics

General Stats
  • This quiz has been taken 535 times
  • The average score is 21 of 27
Answer Stats
Hint Answer % Correct
How many Olympian gods are there? 12
95%
How many labors did Heracles go through? 12
95%
What was the creature trapped in the labyrinth on Crete? Minotaur
95%
What is Apollo's Roman counterpart? Apollo
94%
Artemis has a twin brother. Who is it? Apollo
94%
A hydra grows how many heads after one is chopped off? 2
93%
Gaia is the personification of the ____. Earth
93%
Hypnos was the god of _____ Sleep
92%
What accessory did Hermes's boots have? Wings
91%
Athena was born from whose head? Zeus
91%
Achilles's weakness was his _____ Heel
90%
Who is the goddess of victory? Nike
90%
Who gave fire to the humans? Prometheus
89%
Jason was also looking for the _______ Golden fleece.
86%
There is a ferryman who takes dead souls to the underworld. What river does the ferryman go down? Styx
85%
The Olympians were in a 10 year war with the ____ Titans
85%
When Hades kidnapped Persephone, she ate 6 seeds of what fruit in order to leave? Pomegranate
84%
Icarus flew too close to the sun and died. What were his wings made of? Wax
83%
Jason was the leader of the ________ Argonauts
81%
Who is Cronos's wife? Rhea
80%
What goddess was born when castrated testicles fell into the ocean? Aphrodite
79%
A faun is a 1/2 human and 1/2 _______ Goat
76%
Ouranos is the personification of the ____ Sky
75%
What object does Poseidon's son blow in like a trumpet? Conch
60%
What is the part of a brain but also a water creature in Greek mythology? Hippocampus
38%
Circe turned men into what animal? Boars
19%
Kratos (Not from the GOW franchise) is the personification of ______ Strength
18%
No matching quizzes found
Score Distribution
Percent of People with Each Score
Percentile by Number Answered
Your Score History
You have not taken this quiz